000 01320nam a22003977a 4500
003 CHAP
005 20220817040918.0
008 971013s1991 r 00010 d
010 _a2586
011 _a3558
035 _a2759
040 _cCHAP
090 _aFolleto 12735
100 0 0 _aRodríguez Mulero, Francisco.
_998729
245 _aInfluencia de la sanidad vegetal en la calidad de aceite de oliva
260 _aMadrid :
_bMinisterio de Agricultura, Pesca y Alimentación,
_c1991
300 _a28 p.
_b: ilus
490 _aHojas divulgadoras
_v; 16/90
500 _aD46-127
590 _aBATCH-UPD
_b10
_c20130110
_lUCH01
_h0053
590 _aBATCH-UPD
_b10
_c20130110
_lUCH01
_h1657
590 _aBATCH-UPD
_b10
_c20130409
_lUCH01
_h2041
590 _aBATCH-UPD
_b10
_c20130410
_lUCH01
_h1046
590 _aBATCH-UPD
_b10
_c20130913
_lUCH01
_h1853
590 _aCONVERSION
_b10
_c20130109
_lUCH01
_h1303
650 1 4 _aAceite de oliva.
_9442
650 1 4 _aOlivo.
_983127
650 1 4 _aOlivo
_xMejoramiento.
_983137
650 1 4 _aSanidad vegetal.
_9102224
700 0 _aBallester Segarra, Agustín.
_99721
830 0 _aHojas divulgadoras
_v; 16/90
901 _aBK
942 _cFOLL
949 _aFolleto 12735
_bBC
_cFOLL
_d-12266
_eTS1
_i2759
_mD
_si
949 _aFolleto 12735
_bBC
_cFOLL
_d-71491
_eTS2
_fc.2
_i2759
_si
999 _c2586
_d2586